Maman, j'y arriverai jamais ! Face à la peur de l'échec, comment redonner confiance à votre enfant (Record no. 3312)
[ view plain ]
| 000 -LEADER | |
|---|---|
| fixed length control field | 01630nam a2200217 4500 |
| 008 - FIXED-LENGTH DATA ELEMENTS--GENERAL INFORMATION | |
| fixed length control field | s2004 be fre u |
| 020 ## - INTERNATIONAL STANDARD BOOK NUMBER | |
| International Standard Book Number | 9782804145453 |
| 040 ## - CATALOGING SOURCE | |
| Original cataloging agency | LB-BrCRDP |
| 082 1# - DEWEY DECIMAL CLASSIFICATION NUMBER | |
| Classification number | 370.15 |
| Item number | LIT |
| 100 1# - MAIN ENTRY--PERSONAL NAME | |
| Personal name | Litière, Marc |
| 245 10 - TITLE STATEMENT | |
| Title | Maman, j'y arriverai jamais ! Face à la peur de l'échec, comment redonner confiance à votre enfant |
| Statement of responsibility, etc. | Marc Litière |
| 260 ## - PUBLICATION, DISTRIBUTION, ETC. | |
| Place of publication, distribution, etc. | Bruxelles |
| Name of publisher, distributor, etc. | De Boeck |
| Date of publication, distribution, etc. | 2004 |
| 300 ## - PHYSICAL DESCRIPTION | |
| Extent | 244 p. |
| Dimensions | 23 cm |
| 490 0# - SERIES STATEMENT | |
| Series statement | Comprendre |
| 500 ## - GENERAL NOTE | |
| General note | table des matières, index, bibliographie. |
| 520 ## - SUMMARY, ETC. | |
| Summary, etc. | Les phrases " Je ne sais pas le faire ! ", " Je ne veux pas le faire ! ", " Je n'ose pas le faire ! " prononcées par des enfants devraient attirer notre attention.Elles traduisent un malaise de l'enfant face à une situation donnée. Comment réagir face à ces signaux d'alerte, que faut-il faire ou, au contraire, que faut-il éviter de faire ? À travers ce livre, l'auteur nous indique comment nous, parents, enseignants, accompagnateurs, éducateurs, pouvons améliorer notre écoute envers nos enfants et nous permet de comprendre ainsi l'origine de tel ou tel comportement.Il démontre que chaque enfant doit être perçu en tant qu'individu et qu'il doit bénéficier d'une attention à la dimension de toute sa personnalité. L'auteur apporte de nouvelles visions, il prend expressément position et propose un éventail de conseils concrets pour ceux qui souhaitent améliorer, de manière créative, la confiance en soi des enfants. |
| 650 4# - SUBJECT ADDED ENTRY--TOPICAL TERM | |
| Topical term or geographic name entry element | Psychopédagogie |
| 650 4# - SUBJECT ADDED ENTRY--TOPICAL TERM | |
| Topical term or geographic name entry element | Elèves en difficulté |
| 942 ## - ADDED ENTRY ELEMENTS (KOHA) | |
| Koha item type | Books |
| Withdrawn status | Lost status | Source of classification or shelving scheme | Damaged status | Not for loan | Home library | Current library | Shelving location | Date acquired | Source of acquisition | Cost, normal purchase price | Total Checkouts | Full call number | Barcode | Date last seen | Copy number | Price effective from | Koha item type |
|---|---|---|---|---|---|---|---|---|---|---|---|---|---|---|---|---|---|
| Dewey Decimal Classification | مكتب الاعداد والتدريب - الدكوانه | مكتب الاعداد والتدريب - الدكوانه | Standard Shelving Location | 07/28/2016 | 154.46 LIT | CRD503 | 07/28/2016 | 2 | 07/28/2016 | Books | |||||||
| Dewey Decimal Classification | مكتب الاعداد والتدريب - الدكوانه | مكتب الاعداد والتدريب - الدكوانه | Standard Shelving Location | 07/28/2016 | 154.46 LIT | CRD1102 | 07/28/2016 | 2 | 07/28/2016 | Books | |||||||
| Dewey Decimal Classification | مكتبة دار المعلمين و المعلمات - النبطية | مكتبة دار المعلمين و المعلمات - النبطية | Salle de Lecture | 02/21/2008 | Ambassade de France | 0.00 | 371.9 LIT. | CRN2534 | 07/28/2016 | 1 | 07/28/2016 | Books | |||||
| Dewey Decimal Classification | مكتبة دار المعلمين و المعلمات - بئر حسن | مكتبة دار المعلمين و المعلمات - بئر حسن | Salle de Lecture | 10/13/2008 | Ambassade de France | 0.00 | 371.28 Lit | CRB2305 | 07/27/2016 | 1 | 07/27/2016 | Books | |||||
| Dewey Decimal Classification | مكتبة دار المعلمين و المعلمات - جونية | مكتبة دار المعلمين و المعلمات - جونية | Salle de Lecture | 02/21/2008 | Ambassade de France | 0.00 | 371.9 LIT. | CRJ2534 | 07/27/2016 | 1 | 07/27/2016 | Books | |||||
| Dewey Decimal Classification | مكتبة دار المعلمين و المعلمات - زحلة | مكتبة دار المعلمين و المعلمات - زحلة | Salle de Lecture | 12/12/2008 | Amb. de France | 23.00 | 370.15 LIT | CRZ3547 | 07/27/2016 | 1 | 07/27/2016 | Books | |||||
| Dewey Decimal Classification | مكتبة دار المعلمين و المعلمات - صيدا | مكتبة دار المعلمين و المعلمات - صيدا | Salle de Lecture | 07/07/2008 | Ambassade de France | 0.00 | 371.28 LIT | CRS2598 | 07/28/2016 | 1 | 07/28/2016 | Books | |||||
| Dewey Decimal Classification | مكتبة دار المعلمين و المعلمات - طرابلس | مكتبة دار المعلمين و المعلمات - طرابلس | Salle de Lecture | 02/20/2008 | Ambassade de France | 0.00 | 371.28 LIT | CRT2192 | 07/27/2016 | 1 | 07/27/2016 | Books |